000 00533nam a2200193Ia 4500
005 20250326145155.0
008 250326s9999 xx 000 0 und d
037 _aTextbook
040 _aFMSL
_beng
_cFMSL
041 _aeng
_2eng
084 _aX:511 Q0
_qFMSL
100 _aLopes T DA S
_9750774
245 0 _aTrademarks, brands, and competitiveness
_cLopes T DA S; Duguid P
260 _aNY
_bNY, Routledge
_c2010
365 _b7434
650 _aManagement
942 _cTB
_hX:511 Q0
999 _c1306637
_d1306637